000 00761cam a2200277 4500500
005 20260405002111.0
041 _afre
042 _adc
100 1 0 _aDuru, Martin
_eauthor
245 0 0 _aAyn Rand et l’égoïsme
260 _c2015.
500 _a17
690 _aAlain Laurent
690 _aAyn Rand
690 _aDominique Lecourt
690 _aÉconomie
690 _aÉgoïsme
690 _aÉtats-Unis
690 _aLa Grève
690 _aLibertarisme
690 _aMartin Duru
690 _aObjectivisme
690 _aPeter Thiel
786 0 _nPhilosophie magazine | 94 | 11 | 2015-11-01 | p. 45-45 | 1951-1787
856 4 1 _uhttps://shs.cairn.info/magazine-philosophie-magazine-2015-11-page-45?lang=fr&redirect-ssocas=7080
999 _c2054239
_d2054239